000 00653nam a22002177a 4500
003 UA-OsUOA
001 38421
007 ta
008 20060505b un ||||| |||| 00| 0 ukr d
100 _aГальчук Оксана
090 _a81
_bГ11
942 _cSA
040 _aUA-OsUOA
_bukr
_cUA-OsUOA
_dUA-OsUOA
245 _aВтеча від "великої любові", або Дві смерті Миколи Зерова
300 _a19-33 с.
955 _a0
041 _aukr
080 _a81
773 0 _w38420
650 7 _a8 Мовознавство. Художня література. Літературознавство
_2UDC
999 _c324574
_d324574